Detalles MARC
| 000 -CABECERA |
| campo de control de longitud fija |
00821nam a2200193 a 4500 |
| 001 - NÚMERO DE CONTROL |
| campo de control |
000046258 |
| 005 - FECHA Y HORA DE LA ÚLTIMA TRANSACCIÓN |
| campo de control |
20201002052737.0 |
| 008 - DATOS DE LONGITUD FIJA--INFORMACIÓN GENERAL |
| campo de control de longitud fija |
150713s2000 dr ac 000 0 spa d |
| 040 ## - FUENTE DE LA CATALOGACIÓN |
| Centro catalogador/agencia de origen |
DO-SdBNP |
| Lengua de catalogación |
spa |
| Centro/agencia transcriptor |
BNPHU |
| 082 ## - NÚMERO DE LA CLASIFICACIÓN DECIMAL DEWEY |
| Número de clasificación |
xxxx |
| Número de documento/Ítem |
xxxx |
| 110 1# - ENTRADA PRINCIPAL--NOMBRE DE ENTIDAD CORPORATIVA |
| Nombre de entidad corporativa o nombre de jurisdicción como elemento de entrada |
Muestra Internacional de Cine de Santo Domingo |
| Número del congreso/reunión o número de parte o sección |
(2ª : |
| Fecha del congreso/reunión o de la firma de un tratado |
2000 24 feb. al 5 de mar. : |
| Sede del congreso/Lugar de la reunión |
Santo Domingo) |
| 9 (RLIN) |
74278 |
| 245 10 - MENCIÓN DE TÍTULO |
| Título |
2da. muestra internacional de cine Santo Domingo / |
| Mención de responsabilidad, etc. |
Arturo Rodríguez Fernández, Lidia Bastos ; ilustración Parolio Matos. |
| 246 10 - FORMA VARIANTE DE TÍTULO |
| Título propio/Titulo breve |
Segunda Muestra Internacional de Cine Santo Domingo |
| 260 ## - PUBLICACIÓN, DISTRIBUCIÓN, ETC. |
| Lugar de publicación, distribución, etc. |
Santo Domingo : |
| Nombre del editor, distribuidor, etc. |
Muestra Internacional de Cine Santo Domingo, |
| Fecha de publicación, distribución, etc. |
2000. |
| 300 ## - DESCRIPCIÓN FÍSICA |
| Extensión |
91 p. : |
| Otras características físicas |
il., retrs. ; |
| Dimensiones |
22 cm. |
| 700 12 - PUNTO DE ACCESO ADICIONAL--NOMBRE DE PERSONA |
| Nombre de persona |
Rodríguez Fernández, Arturo |
| 9 (RLIN) |
37878 |
| 700 12 - PUNTO DE ACCESO ADICIONAL--NOMBRE DE PERSONA |
| Nombre de persona |
Matos, Parolio, |
| Término indicativo de función/relación |
il. |
| 9 (RLIN) |
74279 |
| 700 12 - PUNTO DE ACCESO ADICIONAL--NOMBRE DE PERSONA |
| Nombre de persona |
Bastos, Lidia |
| 9 (RLIN) |
74280 |